LEADER 01612nam 2200445 a 450 001 9910698340003321 005 20071218074032.0 035 $a(CKB)4970000000024894 035 $a(OCoLC)184839654 035 $a(EXLCZ)994970000000024894 100 $a20071218d2007 ua 0 101 0 $aeng 135 $aurmn||||||||| 181 $ctxt$2rdacontent 182 $cc$2rdamedia 183 $acr$2rdacarrier 200 10$aDOD pharmacy benefits program$b[electronic resource] $ereduced pharmacy costs resulting from the uniform formulary and manufacturer rebates 210 1$aWashington, DC :$cU.S. Govt. Accountability Office,$d[2007] 215 $a4 pages $cdigital, PDF file 300 $aTitle from title screen (viewed on Dec. 11, 2007). 300 $aAuthor: John E. Dicken. 300 $a"October 31, 2007." 300 $aPaper version available from: U.S. Govt. Accountability Office, 441 G St., NW, Rm. LM, Washington, D.C. 20548. 300 $a"GAO-08-172R." 320 $aIncludes bibliographical references. 517 $aDOD Pharmacy Benefits Program 606 $aPharmaceutical policy$zUnited States 606 $aDrugs$zUnited States$xCost control 606 $aPharmacy, Military$zUnited States 615 0$aPharmaceutical policy 615 0$aDrugs$xCost control. 615 0$aPharmacy, Military 700 $aDicken$b John E$01382684 712 02$aUnited States.$bGovernment Accountability Office. 801 0$bGPO 801 1$bGPO 906 $aDOCUMENT 912 $a9910698340003321 996 $aDOD pharmacy benefits program$93493367 997 $aUNINA LEADER 01283cam0-22004211i-450 001 990000231900403321 005 20250708105334.0 010 $a88-06-36970-9 035 $aFED01000023190 035 $a(Aleph)000023190FED01 035 $a000023190 100 $a20020821d1973----km-y0itay50------ba 101 1 $aita$cger 102 $aIT 105 $af---c---001yy 200 1 $a<>bello nell'arte$escritti sull'arte antica$fJohann J. Winckelmann$ga cura di Federico Pfister$gprefazione di David Irwin 210 $aTorino$cGiulio Einaudi editore$d1973 215 $aLXXVIII, 190 p., [8] c. di tav.$d19 cm 225 1 $aNuova universale Einaudi$v148 610 0 $aEstetica$aAntichitą 610 0 $aEstetica$aArte greca 676 $a701.17 676 $a709.38 700 1$aWinckelmann,$bJohann Joachim$f<1717-1768>$07211 702 1$aIrwin,$bDavid 702 1$aPfister,$bFederico 801 0$aIT$bUNINA$gRICA$2UNIMARC 901 $aBK 912 $a990000231900403321 952 $a710.033 WINJ 02$bST.ARTE 11472$fFLFBC 952 $aARCH. O 011 16$bARCH.15520$fFLFBC 952 $aMTD 1463$b97$fDARPU 952 $a07.215$b6378$fDARST 959 $aDARPU 959 $aFLFBC 959 $aDARST 996 $aBello nell'arte$9123112 997 $aUNINA